000 00719nam a22002297a 4500
003 UA-OsUOA
001 108666
007 ta
008 20141103b un ||||| |||| 00| 0 ukr d
100 _aКиричок И.
700 _aРусанова О.
090 _a02
_bК43
942 _cSA
040 _aUA-OsUOA
_brus
_cUA-OsUOA
_dUA-OsUOA
245 _aВузовское виртуальное сообщество: миссия библиотеки в социальных сетях
300 _aС.18-21
955 _a0
041 _arus
080 _a02
773 0 _w108664
_tБібліотечний форум України
_dДонецьк
_d2014
_g3
650 7 _a02 Бібліотечна справа
_2UDC
999 _c394994
_d394994